MARC

LEADER 00000nam0a2200000 4500
001 57912
005 20231101211710.0
035 |a (RuTPU)RU\TPU\book\61137 
090 |a 57912 
100 |a 20031119d1985 m y0rusy50 ca 
101 0 |a rus 
102 |a RU 
105 |a a j 001zy 
200 1 |a Проектирование импульсных и цифровых устройств радиотехнических систем  |e учебное пособие  |f под ред. Ю. М. Казаринова 
210 |a Москва  |c Высшая школа  |d 1985 
215 |a 320 с.  |c ил. 
320 |a Библиогр.: с. 312-314. 
320 |a Список сокращений: с. 315. 
320 |a Предметный указатель: с. 316-317. 
606 1 |a Радиотехнические системы на интегральных схемах  |2 stltpush  |3 (RuTPU)RU\TPU\subj\23252  |9 47879 
610 1 |a радиотехнические системы 
610 1 |a импульсные устройства 
610 1 |a цифровые устройства 
610 1 |a схемы 
610 1 |a цифровые автоматы 
610 1 |a аналого-цифровые преобразователи 
610 1 |a дискретные устройства 
610 1 |a БИС 
610 1 |a применение 
610 1 |a микропроцессоры 
610 1 |a учебные пособия 
610 1 |a проектирование 
675 |a 621.396.6.049.77(075.8)  |v 3 
702 1 |a Казаринов  |b Ю. М.  |g Юрий Михайлович  |4 340 
801 1 |a RU  |b 63413507  |c 20031119  |g PSBO 
801 2 |a RU  |b 63413507  |c 20220113  |g PSBO 
942 |c BK